000 00356nam a22001457a 4500
003 OSt
005 20211231105657.0
008 211231b |||||||| |||| 00| 0 eng d
020 _a9788184898941
040 _cHU
082 _a006.32
100 _aLivingstone
_926592
245 _aArtificial Neural Networks Methods & Applications
942 _2ddc
_cBOOKS
_n0
999 _c25513
_d25513